| 000 | 00522nam a2200193Ia 4500 | ||
|---|---|---|---|
| 005 | 20250507130229.0 | ||
| 008 | 008 250505s9999 xx 000 0 eng d | ||
| 037 | _aSeries Article | ||
| 040 |
_aEASL _beng _cEASL |
||
| 041 |
_aeng _2eng |
||
| 084 | _qEASL | ||
| 100 | _aKrishnamurty J | ||
| 245 | 0 | _aManoharlal scholar,economist and statsman | |
| 260 |
_aUK _bCambridge Cambridge University Press UK _c2010 |
||
| 300 | _a603-640 | ||
| 650 | _aEconomics | ||
| 942 | _cSRA | ||
| 999 |
_c1318453 _d1318453 |
||